000 00728nam a2200229 a 4500
001 40945
003 BD-RjUL
005 20211209053313.0
008 160512s1968 ii ||||| |||| 00| f ben d
020 _cIRs. 6.00
035 _a(BD-RjUL)41061
040 _aBD-RjUL
_bben
_cBD-RjUL
041 _aben
082 _223
_a891.443
_bROS 1968
100 _aরায়, অসীম
_9126031
245 1 0 _aশব্দের খাঁচায় /
_cঅসীম রায়
260 _aকলিকাতা :
_bমনীষা,
_c১৯৬৮
300 _a[৮], ২২৩ পৃ. ;
_c২৩ সেমি.
650 _aবাংলা উপন্যাস
_9126032
650 _aBengali Fiction
_9126033
942 _2ddc
_cBK
999 _c40945
_d40945